12 x 12 Multiplication Table in 30 minutes - Statistics

General Stats
  • This quiz has been taken 129 times
  • The average score is 123 of 144
Answer Stats
Answer % Correct
1
100%
2
100%
3
100%
10
95%
11
95%
12
95%
14
95%
16
95%
18
95%
20
95%
4
95%
5
95%
6
95%
7
95%
8
95%
9
95%
15
90%
21
90%
22
90%
24
90%
30
90%
27
86%
28
86%
33
86%
36
86%
25
81%
32
81%
35
81%
40
81%
44
81%
45
81%
48
81%
50
81%
55
81%
60
81%
100
76%
110
76%
120
76%
121
76%
42
76%
49
76%
54
76%
56
76%
63
76%
66
76%
70
76%
77
76%
80
76%
84
76%
88
76%
90
76%
99
76%
108
71%
132
71%
144
71%
64
71%
72
71%
81
71%
96
71%
No matching quizzes found
Score Distribution
Percent of People with Each Score
Percentile by Number Answered
Your Score History
You have not taken this quiz